| 000 | 00547 a2200181 4500 | ||
|---|---|---|---|
| 999 |
_c4921 _d4921 |
||
| 010 | _aENG-86663 | ||
| 020 |
_c875.00 _a8125031502 |
||
| 035 | _aEN-70196 | ||
| 037 | _bDBAD / PUB | ||
| 082 | 1 | 4 | _a617 |
| 100 | 1 | _aValiathan, M. S. | |
| 245 | 1 |
_aThe legacy of susruta / _cby M.S.Valiathan |
|
| 260 |
_aChennai _bOrient Longman _c2007 |
||
| 270 |
_a160 Anna Salai _bChennai _e600 002 _mchegeneral@orientlongman.com |
||
| 300 |
_axxxix, 830 p _c21 cm (Hb) |
||
| 500 | _aIncludes glossary and index | ||
| 942 |
_adpl _cEN _2ddc _h617 _mVAL |
||